Riconosci il Pokémon - Quiz n°761 - Statistics

Statistiche generali
  • Questo quiz è stato fatto 9 volte
  • Il punteggio medio è 7 su 10
Statistiche sulle risposte
Indizio Riposta % Corretto
Tipo Coleottero / Volante
100%
Stadio evoluzione Prima evoluzione
100%
Generazione Terza
88%
Abilità Prepotenza; Agitazione
75%
Altezza 0,80 m
63%
Peso 3,6 kg
63%
Sesso 50% ♂, 50% ♀
63%
Tasso di cattura 75 (17.5%)
50%
Pokémon Masquerain
50%
Tasso di allevamento Medio-Veloce
50%
Nessun quiz corrispondente trovato
Distribuzione punteggi
Percentuale di utenti per punteggio
Percentile per numero di risposta
I tuoi punteggi nel tempo
Non hai fatto questo quiz